Whiskey A-Z - Statistics

General Stats
  • This quiz has been taken 62 times
  • The average score is 8 of 24
Answer Stats
Letter Brands % Correct
J Johnnie Walker / Jameson / Johnny Drum / Jack Daniel's / Jura / James Eadie / John Dewar /Jim Beam / J&B
93%
G Glendronach / Glenmorangie / Glann Ar Mor / Green Spot / Gold Spot / Galaad / Glen / Grant / Gaelic / George T. Stagg / Girvan / George Dickel / Gordon
64%
B Balvenie / Bunnahabhain / Ballantines / Bellevoye / BM Signature / Bushmills / Balcones / Bulleit /Blackpitts / Blue Spot / Blanton / Buffalo / Brenne / Bache Gabrielsen / Balblair / Ballechin / Bell / Barelegs / Ben Nevis / Benriach / Benrinnes / Benromach / Berry Bros. & Rudd / Black Bottle / Black Bull / Bladnoch / Blair Athol / Bowmore / Braes of Glenlivet / Bruichladdich / Black Velvet / Baker's / Booker's / Bagpiper / Blenders / Brora / Barra / Balmenach / BenRiach / Bailie Nicol Jarvie / Black and White / Buchanan / Blackadder / Black Dog
62%
A Arran / Aberlour / Ardbeg / Akashi / Arlett / Aikan / Armorik / Amrut / Angel's / Aberfeldy / Ailsa / Akkeshi / Alfred Giraud / Amahagan / Ardmore / Antiquary / Ardnamurchan / Auchentoshan / Auchroisk / Aultmore / Ardnahoe / Ancient Age / Ad Gerfrin / Adnams / Antiquity / After Dark / AnCnoc /Abhainn / A'bunadh / Auchroisk / Adelphi
53%
C Caol Ila / Chivas / Connemara / Clonakilty / Chichibu / Chita / Cragganmore / Craigellachie /Cutty Sark / Campbeltown / Clan Campbell / Canadian / Cardhu / Clynelish / Cameron Brig / Caperdonich / Compass Box / Copper Dog / Cougar / Chattanooga / Cotswolds / Comber / Clontarf
49%
M Macallan / Mars / Michel Couvreur / Miclo / Michter's / Mackmyra / McConnell's / Mac-Talla /Method & Madness / Midleton / Maker's Mark / Mellow Corn / Masahiro / Meyer's / Mortlach / Mull / Macduff / Mannochmore / Miltonduff / Monkey Shoulder / Murray McDavid / Medley / Mark Twain / McAfee / McDowell's No.1 / Miyagikyo / McClelland / Millburn / Manx
47%
W Woodford / Waterford / Writers Tears / Widow Jane / Willett / Whistle Pig / West / Welche / Wemyss /Wolfburn / Weller / White / Wilson / Wild Turkey / White Horse / Whyte & Mackay / William Lawson's / William Peel
45%
L Lagavulin / Ledaig / Laphroaig / Le Breuil / Larceny / Lagg / Lot 40 / Longrow / Longmorn / Linkwood /Loch / Lauder's / Lark / Lakes / Label 5 / Logan
40%
T Talisker / Tomatin / Tokinoka / Togouchi / The Matsui / Twelve / Teeling / The Irishman / The Sexton/ Tyrconnell / Tullamore / Tottori / Torabhaig / Tamdhu / Templeton / The Hearach / The Lost Distillery / Tomintoul / Tobermory / Tullibardine / Teachers / Teaninich / Tormore / Ten High / Timboon / The English / Teerenpeli / Tamnavulin / Té Bheag / Timah / Three Ships / The Chuan
40%
E Eddu / Elijah Craig / Eagle Rare / Évadé / Elements / Edradour / Evan Williams / Early Times / Ezra
35%
K Kilchoman / Kirin Fuji / Kornog / Kavalan / Koriyama / Kilkerran / Kurayoshi / Kujira / Knockando / Kingsbarns / Knappogue / Kirk and Bright / Kininvie / Kentucky Gentleman / Knob Creek / Kyrö / Knockdhu
31%
S Shinobu / Sequoia / Slane / Sonoma / Sazerac / Smooth Ambler / Suntory / Smokehead / Sakurao /Scapa / Scarabus / Singleton / Spey / Springbank / Sir Edward's / Smokey Joe / Strathisla / Starlaw / Strathmill / Seagram / Sacred Spirits / Schlitzer / Slyrs / Signature / Starthearn / Strathclyde / SIA / Something Special / SMWS / Samuel Dow / Smögen
31%
H Highland Park / Hakushu / Hatozaki / Hibiki / Hepp / Hellyers Road / Hautefeuille / Hazelburn / High /Hinch / House of McCallum / Hudson / Hwayo / Hyde / Hankey / Heaven Hill / Hancock / Hoochery / Harris / Haig
29%
P Port Charlotte / P&M / Penderyn / Puni / Powers / Pogues / Platte Valley / Paul John / Port Askaig /Peat / Perfect / Poit Dhubh / Pennypacker / Pappy / Peter Scot / Paddy / Pittyvaich / Passport / Peter Thompson / Pattisons
27%
D Dalmore / DHG / Dingle / Drumshanbo / Domaine des Hautes Glaces / Dalwhinnie / Deanston /
Daftmill / Dailuaine / Diagéo / Director's Special / Dunville / Dallas Dhu / Dufftown / Douglas Laing /
Duncan Taylor / DYC / Dimple
25%
F Four Roses / Few / Fettercairn / Finlaggan / Flatnose / Famous Grouse
25%
O Oban / Octomore / Old Pulteney / Old Saint Andrews / Old Ballantruan / Orcines / Old Parr / Oxford /Officer's Choice / Omar
22%
R Rozelieures / Redbreast / Red Spot / Rabbit Hole / Rittenhouse / Rampur / Rebel Yell / Rock Island / Roe&Co / Royal / Remarkable / Rich and Rare / Rowan's / Red Knight / Rowson's Reserve
22%
Y Yamazaki / Yamazakura / Yellow Spot / Yellow Rose / Yeun Elez / Yushan / Yellowstone / Yoichi
18%
I Ichiro / Isle of Raasay / Islay / Ileach / Inchgower / Ian Macleod / Invergodon / Isle of Skye /Imperial Blue
15%
N Nikka / Naguelann / Ninkasi / Nationale 10 / Naked / Noah's Mill / Nc'nean / North Port / North British
13%
V Vilanova / Very Old Barton / Virginia / Vintage / Vat 69
9%
Number 1792 / 69 / 100 Pipers / 45 South
5%
U Uberach / Uncle Nearest
4%
No matching quizzes found
Score Distribution
Percent of People with Each Score
Percentile by Number Answered
Your Score History
You have not taken this quiz